Business and Management: A2 Foundation level (Record no. 6794)
[ view plain ]
| 005 - DATE AND TIME OF LATEST TRANSACTION | |
|---|---|
| control field | 20251111125812.0 |
| 020 ## - INTERNATIONAL STANDARD BOOK NUMBER | |
| International Standard Book Number | 9789976780734 |
| 082 ## - DEWEY DECIMAL CLASSIFICATION NUMBER | |
| Classification number | 338.76 NBA |
| 100 ## - MAIN ENTRY--PERSONAL NAME | |
| Author name | NBA |
| 245 ## - TITLE STATEMENT | |
| Title | Business and Management: A2 Foundation level |
| 260 ## - PUBLICATION, DISTRIBUTION, ETC. | |
| Place of publication, distribution, etc. | Dodoma |
| Name of publisher, distributor, etc. | NBAA, |
| Date of publication, distribution, etc. | 2019. |
| 300 ## - PHYSICAL DESCRIPTION | |
| Extent | 132p.table,figure |
| Dimensions | 29cm. |
| 942 ## - ADDED ENTRY ELEMENTS (KOHA) | |
| Source of classification or shelving scheme | Dewey Decimal Classification |
| Koha item type | Books |
| Date last seen | Total checkouts | Full call number | Barcode | Cost, replacement price | Price effective from | Koha item type | Lost status | Source of classification or shelving scheme | Damaged status | Not for loan | Withdrawn status | Home library | Current library | Date acquired | Source of acquisition | Cost, normal purchase price |
|---|---|---|---|---|---|---|---|---|---|---|---|---|---|---|---|---|
| 11/11/2025 | 338.76 NBA | DOM0004919 | 60000.00 | 11/11/2025 | Books | Dewey Decimal Classification | CBE Dodoma | CBE Dodoma | 11/11/2025 | Donation | 20000.00 | |||||
| 11/11/2025 | 338.76 NBA | DOM0004920 | 60000.00 | 11/11/2025 | Books | Dewey Decimal Classification | CBE Dodoma | CBE Dodoma | 11/11/2025 | Donation | 20000.00 | |||||
| 11/11/2025 | 338.76 NBA | DOM0004921 | 60000.00 | 11/11/2025 | Books | Dewey Decimal Classification | CBE Dodoma | CBE Dodoma | 11/11/2025 | Donation | 20000.00 | |||||
| 11/11/2025 | 338.76 NBA | DOM0004922 | 60000.00 | 11/11/2025 | Books | Dewey Decimal Classification | CBE Dodoma | CBE Dodoma | 11/11/2025 | Donation | 20000.00 | |||||
| 11/11/2025 | 338.76 NBA | DOM0004923 | 60000.00 | 11/11/2025 | Books | Dewey Decimal Classification | CBE Dodoma | CBE Dodoma | 11/11/2025 | Donation | 20000.00 |
